000 00639cam a2200229ua 4500
001 9631
008 160310n ii |||gr||||Z||||||asm
020 _a9789381784730
040 _cMAIN
041 _aasm
082 _a371.3
100 _aChaliha, Beda Kumar,
_eAuthor.
245 1 _aSikshadanar kausal aru paddhati
_cby Beda Kumar Chaliha
250 _a3rd ed.
260 _aJorhat:
_bBidya bhawan,
_c2015.
300 _a271p.
653 _aSchools & their activities special education
653 _aMethods and techniques of teaching
700 _aSaikia, Tarun,
_eAuthor.
700 _aSaikia, Runu Borah,
_eAuthor.
942 _cBK
999 _c8659
_d8659